[Event "Kemerovo Region Cup sf"]
[Site "Kemerovo"]
[Date "2014.07.25"]
[Round "8"]
[White "Kuznecov, Stanislav"]
[Black "Ovchinnikova, Alexandra"]
[Result "0-1"]
[WhiteElo "1783"]
[BlackElo "1904"]
[PlyCount "86"]
[EventDate "2014.07.21"]
[EventType "swiss"]
[EventRounds "9"]
[EventCountry "RUS"]
[SourceTitle "EXT 2016"]
[Source "ChessBase"]
[SourceDate "2015.10.08"]
[SourceVersion "1"]
[SourceVersionDate "2015.10.08"]
[SourceQuality "1"]

1. e4 c5 2. f4 Nc6 3. Nf3 g6 4. Bb5 Bg7 5. Bxc6 bxc6 6. c4 d5 7. cxd5 cxd5 8. e5 e6 9. 0-0 Ne7 10. g4 0-0 11. Nc3 Ba6 12. Rf2 Qb6 13. d4 cxd4 14. Qxd4 Nc6 15. Qxb6 axb6 16. Be3 Rfb8 17. a3 Bf8 18. b4 Bc4 19. b5 Nb4 20. a4 Nd3 21. Rg2 Bb4 22. Ne2 Bxb5 23. f5 Bxa4 24. fxe6 fxe6 25. Ned4 Bd7 26. Rga2 Rxa2 27. Rxa2 Bf8 28. Ra7 Nc5 29. h4 b5 30. h5 b4 31. hxg6 hxg6 32. Nh4 b3 33. Ra1 b2 34. Rb1 Nd3 35. Nxg6 Ra8 36. Nb3 Ba4 37. Nd2 Bc2 38. Rf1 Bb4 39. Nb1 Bxb1 40. Rf6 Bc2 41. Ne7+ Bxe7 42. Rg6+ Kf7 43. Rh6 b1Q+ 0-1

[Event "Kemerovo Region Cup sf"]
[Site "Kemerovo"]
[Date "2014.07.22"]
[Round "2"]
[White "Smagina, Sofya"]
[Black "Ovchinnikova, Alexandra"]
[Result "1/2-1/2"]
[WhiteElo "1729"]
[BlackElo "1904"]
[PlyCount "111"]
[EventDate "2014.07.21"]
[EventType "swiss"]
[EventRounds "9"]
[EventCountry "RUS"]
[SourceTitle "EXT 2016"]
[Source "ChessBase"]
[SourceDate "2015.10.08"]
[SourceVersion "1"]
[SourceVersionDate "2015.10.08"]
[SourceQuality "1"]

1. Nf3 Nf6 2. d4 d5 3. e3 a6 4. Bd3 g6 5. 0-0 Bg7 6. c4 dxc4 7. Bxc4 b5 8. Bd3 Bb7 9. a3 0-0 10. Nc3 Nbd7 11. b4 Re8 12. Be2 e5 13. dxe5 Ng4 14. Bb2 Ngxe5 15. Nxe5 Nxe5 16. Qxd8 Raxd8 17. Rfd1 Nc4 18. Bxc4 bxc4 19. Rxd8 Rxd8 20. Rd1 Rd6 21. Rxd6 cxd6 22. f3 f5 23. Kf2 Kf7 24. Ke2 Ke6 25. Kd2 g5 26. h3 g4 27. hxg4 fxg4 28. fxg4 Bxg2 29. Na4 Bxb2 30. Nxb2 d5 31. Na4 h6 32. Nc5+ Kd6 33. Nxa6 Bf3 34. Nc5 Bxg4 35. Na4 h5 36. Ke1 h4 37. Kf2 Bd7 38. Nc3 Ke5 39. Kg2 d4 40. exd4+ Kxd4 41. Na2 Kd3 42. b5 Bxb5 43. Nb4+ Kc3 44. Kh3 Kb3 45. Kxh4 c3 46. Kg3 Kxa3 47. Nc2+ Kb2 48. Nd4 Bc4 49. Kf2 Kb1 50. Ke3 Kc1 51. Kf4 Kd2 52. Ke4 Bd3+ 53. Kf4 Bh7 54. Nb5 c2 55. Nd4 Kc3 56. Nxc2 1/2-1/2

[Event "Kemerovo op"]
[Site "Kemerovo"]
[Date "2013.07.27"]
[Round "8"]
[White "Ovchinnikova, Alexandra"]
[Black "Laptev, Evgeniy"]
[Result "0-1"]
[WhiteElo "1912"]
[BlackElo "2016"]
[PlyCount "122"]
[EventDate "2013.07.22"]
[EventType "swiss"]
[EventRounds "9"]
[EventCountry "RUS"]
[SourceTitle "EXT 2014"]
[Source "ChessBase"]
[SourceDate "2013.11.20"]
[SourceVersion "1"]
[SourceVersionDate "2013.11.20"]
[SourceQuality "1"]

1. d4 Nf6 2. Nf3 e6 3. g3 b6 4. Bg2 Bb7 5. c4 Bb4+ 6. Bd2 Qe7 7. 0-0 Bxd2 8. Nbxd2 d6 9. Qc2 Nbd7 10. e4 e5 11. b4 a5 12. a3 0-0 13. d5 Rfc8 14. Nh4 g6 15. Nhf3 c6 16. Qb2 cxd5 17. cxd5 axb4 18. axb4 Qf8 19. Rfc1 Rxa1 20. Qxa1 Rxc1+ 21. Qxc1 Qc8 22. Qxc8+ Bxc8 23. Ne1 Kf8 24. Bh3 Ke7 25. f3 Ba6 26. Kf2 Nh5 27. Nc2 Ng7 28. Ne3 Bd3 29. Nec4 f5 30. Ke3 Bxc4 31. Nxc4 h5 32. Na3 g5 33. Bf1 f4+ 34. Kf2 Ne8 35. Bb5 Nef6 36. Nc4 g4 37. Bc6 gxf3 38. gxf4 exf4 39. Kxf3 Ne5+ 40. Nxe5 dxe5 41. Bb5 Ng4 42. h4 Nf6 43. Bf1 Ng4 44. Ke2 Nf6 45. Bg2 Ne8 46. Kd3 Nf6 47. Bf3 Kd6 48. Kd2 Kc7 49. Kd3 Kd6 50. Kc4 Kc7 51. Kb5 Ne8 52. Ka6 Nd6 53. Bxh5 Nxe4 54. Be2 Nf6 55. h5 e4 56. d6+ Kxd6 57. h6 f3 58. Bf1 e3 59. Bd3 e2 60. h7 Nxh7 61. Bxh7 e1Q 0-1

[Event "Kemerovo op"]
[Site "Kemerovo"]
[Date "2013.07.25"]
[Round "5"]
[White "Drachev, Nikita"]
[Black "Ovchinnikova, Alexandra"]
[Result "0-1"]
[WhiteElo "1712"]
[BlackElo "1912"]
[PlyCount "66"]
[EventDate "2013.07.22"]
[EventType "swiss"]
[EventRounds "9"]
[EventCountry "RUS"]
[SourceTitle "EXT 2014"]
[Source "ChessBase"]
[SourceDate "2013.11.20"]
[SourceVersion "1"]
[SourceVersionDate "2013.11.20"]
[SourceQuality "1"]

1. d4 d5 2. Nf3 Nf6 3. c4 c6 4. e3 g6 5. Nc3 Bg7 6. cxd5 cxd5 7. Bd3 0-0 8. 0-0 Nc6 9. a3 Bg4 10. h3 Bxf3 11. Qxf3 e5 12. dxe5 Nxe5 13. Qd1 Nxd3 14. Qxd3 Qa5 15. b4 Qb6 16. Ra2 Rfd8 17. Na4 Qc6 18. Qb3 Rac8 19. Nc5 b6 20. Nd3 Ne4 21. Nf4 Qc4 22. Qxc4 dxc4 23. Rc2 c3 24. f3 Nd2 25. Re1 Nb3 26. Ne2 Bf6 27. Nd4 Bxd4 28. exd4 Nxd4 29. Ra2 c2 30. Rb2 Rc3 31. Bg5 Rdc8 32. Bc1 Rxa3 33. Kf2 Rb3 0-1

[Event "Kemerovo op"]
[Site "Kemerovo"]
[Date "2013.07.25"]
[Round "6"]
[White "Ovchinnikova, Alexandra"]
[Black "Noskov, Dmitriy"]
[Result "1/2-1/2"]
[WhiteElo "1912"]
[BlackElo "2053"]
[PlyCount "104"]
[EventDate "2013.07.22"]
[EventType "swiss"]
[EventRounds "9"]
[EventCountry "RUS"]
[SourceTitle "EXT 2014"]
[Source "ChessBase"]
[SourceDate "2013.11.20"]
[SourceVersion "1"]
[SourceVersionDate "2013.11.20"]
[SourceQuality "1"]

1. Nf3 d5 2. d4 Nf6 3. g3 g6 4. Bg2 Bg7 5. 0-0 0-0 6. c4 c6 7. cxd5 Nxd5 8. e4 Nb6 9. Nc3 Bg4 10. Ne2 Na6 11. h3 Bxf3 12. Bxf3 Nc7 13. Qd3 c5 14. Rd1 Ne6 15. Be3 cxd4 16. Nxd4 Nxd4 17. Bxd4 Bxd4 18. Qxd4 Qxd4 19. Rxd4 Rfd8 20. Rad1 Rxd4 21. Rxd4 e5 22. Rd2 Rc8 23. b3 Kf8 24. Kg2 Ke7 25. h4 Rc3 26. Bg4 a5 27. h5 gxh5 28. Bxh5 a4 29. bxa4 Nxa4 30. Bd1 Nc5 31. f3 f6 32. Rb2 h6 33. Be2 Kd8 34. Kh3 Rc1 35. Kg4 Ke7 36. Kf5 Rg1 37. Kg4 Kf7 38. Kh3 Rc1 39. Rd2 Kg6 40. Bd3 Ne6 41. Kg2 Kg5 42. Rb2 h5 43. Rb6 Nd4 44. Rxb7 Rd1 45. Bc4 Rd2+ 46. Kf1 Nxf3 47. Rg7+ Kh6 48. Rg8 Rc2 49. Bd5 Rd2 50. a4 f5 51. a5 Kh7 52. a6 Nh2+ 1/2-1/2

[Event "Kuzbass-ch op"]
[Site "Kemerovo"]
[Date "2011.10.16"]
[Round "3"]
[White "Ovchinnikova, Alexandra"]
[Black "Noskov, Dmitriy"]
[Result "1-0"]
[WhiteElo "1895"]
[BlackElo "2031"]
[PlyCount "75"]
[EventDate "2011.10.14"]
[EventType "swiss"]
[EventRounds "9"]
[EventCountry "RUS"]
[SourceTitle "EXT 2012"]
[Source "ChessBase"]
[SourceDate "2011.11.24"]
[SourceVersion "1"]
[SourceVersionDate "2011.11.24"]
[SourceQuality "1"]

1. d4 d5 2. Nf3 Nf6 3. c4 e6 4. e3 Be7 5. Nc3 0-0 6. Bd3 c5 7. cxd5 cxd4 8. exd4 Nxd5 9. 0-0 Nc6 10. Nxd5 Qxd5 11. a3 Bf6 12. Be3 Rd8 13. Qc2 Qh5 14. Be2 Qd5 15. Rfd1 Qd7 16. Ne5 Bxe5 17. dxe5 Qe7 18. Rxd8+ Qxd8 19. Rd1 Qe8 20. Bb5 Bd7 21. Qd2 a6 22. Qxd7 Qxd7 23. Rxd7 axb5 24. Rxb7 b4 25. Kf1 bxa3 26. bxa3 h6 27. Rc7 Nxe5 28. Ba7 Ng4 29. h3 Nf6 30. a4 Ne8 31. Rd7 Nd6 32. a5 Nc4 33. a6 Na3 34. Rb7 Nb5 35. Rb8+ Rxb8 36. Bxb8 f5 37. a7 Nxa7 38. Bxa7 1-0

[Event "Kuzbass-ch op"]
[Site "Kemerovo"]
[Date "2011.10.15"]
[Round "2"]
[White "Ganichev, Boris"]
[Black "Ovchinnikova, Alexandra"]
[Result "1-0"]
[WhiteElo "2039"]
[BlackElo "1895"]
[PlyCount "61"]
[EventDate "2011.10.14"]
[EventType "swiss"]
[EventRounds "9"]
[EventCountry "RUS"]
[SourceTitle "EXT 2012"]
[Source "ChessBase"]
[SourceDate "2011.11.24"]
[SourceVersion "1"]
[SourceVersionDate "2011.11.24"]
[SourceQuality "1"]

1. d4 Nf6 2. Bg5 Ne4 3. Bh4 d5 4. f3 Nf6 5. e3 e6 6. Bd3 c5 7. c3 Nc6 8. Nd2 e5 9. Ne2 Be7 10. Bg3 Bd6 11. dxe5 Nxe5 12. Bc2 0-0 13. 0-0 b6 14. e4 Bc7 15. Bxe5 Bxe5 16. f4 Bc7 17. e5 Ng4 18. Rf3 Bb7 19. h3 d4 20. hxg4 Bxf3 21. Nxf3 dxc3 22. Qxd8 Raxd8 23. Nxc3 Rd7 24. Kf2 Rfd8 25. Re1 a6 26. a4 b5 27. axb5 axb5 28. Nxb5 Rb8 29. Nxc7 Rxb2 30. Re2 Rxc7 31. Bxh7+ 1-0

[Event "Kemerovo op 08"]
[Site "Kemerovo"]
[Date "2010.08.26"]
[Round "8"]
[White "Fanaskov, Artem"]
[Black "Ovchinnikova, Alexandra"]
[Result "1-0"]
[WhiteElo "2037"]
[BlackElo "1857"]
[PlyCount "73"]
[EventDate "2010.08.21"]
[EventType "swiss"]
[EventRounds "9"]
[EventCountry "RUS"]
[SourceTitle "CBM 138 Extra"]
[Source "ChessBase"]
[SourceDate "2010.10.29"]
[SourceVersion "1"]
[SourceVersionDate "2010.10.29"]
[SourceQuality "1"]

1. d4 d5 2. c4 c6 3. e3 Nf6 4. Nc3 e6 5. Nf3 Bd6 6. Be2 0-0 7. 0-0 Qe7 8. b3 Nbd7 9. Bb2 dxc4 10. bxc4 e5 11. d5 cxd5 12. Nxd5 Nxd5 13. cxd5 Nb6 14. e4 Bg4 15. Qb3 Rac8 16. Rac1 Bd7 17. Bb5 Bxb5 18. Qxb5 f6 19. a4 Qd7 20. Qxd7 Nxd7 21. Nd2 Bb4 22. Nb3 a5 23. Rfd1 Nb6 24. Ra1 Rc2 25. Ba3 Bxa3 26. Rxa3 Rc3 27. Rb1 Rfc8 28. g3 R8c4 29. Raa1 Rxe4 30. Nxa5 Rxa4 31. Rxa4 Nxa4 32. Nxb7 Rd3 33. d6 Nc3 34. Rb6 Kf8 35. Nc5 Rd5 36. Rb8+ Kf7 37. d7 1-0

[Event "Kemerovo op 08"]
[Site "Kemerovo"]
[Date "2010.08.24"]
[Round "6"]
[White "Ushacov, Vladimir"]
[Black "Ovchinnikova, Alexandra"]
[Result "1-0"]
[WhiteElo "2145"]
[BlackElo "1857"]
[PlyCount "61"]
[EventDate "2010.08.21"]
[EventType "swiss"]
[EventRounds "9"]
[EventCountry "RUS"]
[SourceTitle "CBM 138 Extra"]
[Source "ChessBase"]
[SourceDate "2010.10.29"]
[SourceVersion "1"]
[SourceVersionDate "2010.10.29"]
[SourceQuality "1"]

1. Nf3 d5 2. g3 c5 3. c4 d4 4. b4 cxb4 5. a3 bxa3 6. Bxa3 Nc6 7. d3 Nf6 8. Bg2 g6 9. 0-0 Bg7 10. Nbd2 0-0 11. Qa4 Re8 12. Rfb1 e5 13. Ng5 h6 14. Nge4 Nxe4 15. Nxe4 Bf8 16. Bxf8 Rxf8 17. c5 Qc7 18. Nd6 Rb8 19. Nb5 Qe7 20. Nxa7 Nxa7 21. Qxa7 Be6 22. c6 Kg7 23. cxb7 Qd7 24. Qc5 f6 25. Ra8 Rfd8 26. Rxb8 Rxb8 27. Rb6 Bf5 28. Bd5 h5 29. h4 Kh6 30. Qd6 Qe8 31. Qxf6 1-0

[Event "RUS-ch U16 Girls"]
[Site "Dagomys"]
[Date "2009.04.22"]
[Round "8"]
[White "Ovchinnikova, Alexandra"]
[Black "Kareva, Natalia"]
[Result "1-0"]
[WhiteElo "1850"]
[BlackElo "1955"]
[PlyCount "123"]
[EventDate "2009.04.15"]
[EventType "swiss"]
[EventRounds "9"]
[EventCountry "RUS"]
[SourceTitle "CBM 130 Extra"]
[Source "ChessBase"]
[SourceDate "2009.07.02"]
[SourceVersion "2"]
[SourceVersionDate "2009.07.15"]
[SourceQuality "1"]

1. d4 d5 2. c4 c6 3. g3 Nf6 4. Bg2 g6 5. Nf3 Bg7 6. 0-0 0-0 7. Qc2 Bf5 8. Qb3 Qc8 9. Nc3 Rd8 10. Bf4 Be6 11. c5 Ne4 12. Qa3 Bh3 13. b4 Bxg2 14. Kxg2 Nd7 15. Rfd1 Ndf6 16. Ne5 Qf5 17. f3 Nxc3 18. Qxc3 Nh5 19. Be3 Bxe5 20. dxe5 Ng7 21. a4 Qd7 22. Bf2 Ne6 23. Bd4 Qc7 24. f4 Nxd4 25. Qxd4 e6 26. a5 Rab8 27. Ra3 b6 28. Rc1 bxa5 29. Rxa5 Rb7 30. Rca1 Rdb8 31. R1a4 Kg7 32. Ra6 Kf8 33. g4 Ke7 34. Qf2 Rxb4 35. Qh4+ Ke8 36. Rxa7 R4b7 37. Rxb7 Qxb7 38. Qxh7 Qb5 39. Ra2 Qxc5 40. Qh8+ Qf8 41. Qh3 Qg7 42. Qc3 Rc8 43. Qa5 g5 44. Qa6 Kd7 45. Qa3 c5 46. Qa4+ Kd8 47. Rb2 gxf4 48. Qxf4 c4 49. Rc2 Qg6 50. Rc3 Ke7 51. h4 Rg8 52. Kf3 Qe4+ 53. Qxe4 dxe4+ 54. Kf4 f6 55. exf6+ Kxf6 56. g5+ Kg6 57. Rxc4 Kh5 58. Rxe4 Kxh4 59. Rxe6 Rxg5 60. Rh6+ Rh5 61. Rxh5+ Kxh5 62. Kf5 1-0

[Event "RUS-ch U16 Girls"]
[Site "Dagomys"]
[Date "2009.04.20"]
[Round "6"]
[White "Ovchinnikova, Alexandra"]
[Black "Pyatkova, Tatiana"]
[Result "0-1"]
[WhiteElo "1850"]
[BlackElo "1915"]
[PlyCount "84"]
[EventDate "2009.04.15"]
[EventType "swiss"]
[EventRounds "9"]
[EventCountry "RUS"]
[SourceTitle "CBM 130 Extra"]
[Source "ChessBase"]
[SourceDate "2009.07.02"]
[SourceVersion "2"]
[SourceVersionDate "2009.07.15"]
[SourceQuality "1"]

1. d4 c5 2. Nf3 e6 3. c4 Nf6 4. e3 d5 5. Nc3 Nc6 6. cxd5 exd5 7. Bb5 a6 8. Qa4 Bd7 9. Bxc6 bxc6 10. 0-0 cxd4 11. exd4 Be7 12. Ne5 Qb6 13. Re1 h6 14. Nxd7 Kxd7 15. Bf4 Rhe8 16. Be5 Qb4 17. Qc2 g6 18. Rac1 Rac8 19. a3 Qb7 20. Na4 Ng4 21. Nc5+ Bxc5 22. Qxc5 Nxe5 23. dxe5 Re6 24. Rc3 Qxb2 25. Qe3 f6 26. f4 Rb8 27. Qh3 f5 28. Rcc1 Qd4+ 29. Kh1 Qxf4 30. Qc3 Qf2 31. Red1 Qb2 32. Qc5 Qb6 33. Qc3 Rbe8 34. Re1 Qc7 35. h3 Rxe5 36. Red1 Rc8 37. Qc5 Re7 38. Qc3 Qe5 39. Qd3 Qe4 40. Qg3 g5 41. Rg1 Qe3 42. Qh2 g4 0-1

[Event "RUS-ch U16 Girls"]
[Site "Dagomys"]
[Date "2009.04.19"]
[Round "5"]
[White "Gvanceladze, Anna"]
[Black "Ovchinnikova, Alexandra"]
[Result "1/2-1/2"]
[WhiteElo "2093"]
[BlackElo "1850"]
[PlyCount "83"]
[EventDate "2009.04.15"]
[EventType "swiss"]
[EventRounds "9"]
[EventCountry "RUS"]
[SourceTitle "CBM 130 Extra"]
[Source "ChessBase"]
[SourceDate "2009.07.02"]
[SourceVersion "2"]
[SourceVersionDate "2009.07.15"]
[SourceQuality "1"]

1. e4 c5 2. Nc3 Nc6 3. g3 g6 4. Bg2 Bg7 5. d3 d6 6. Be3 e6 7. Qd2 Rb8 8. Nge2 Nd4 9. 0-0 Ne7 10. Nd1 b5 11. Nc1 b4 12. c3 Ndc6 13. Bh6 0-0 14. Bxg7 Kxg7 15. Ne3 a5 16. Ne2 Ba6 17. f4 f5 18. g4 Qb6 19. Rac1 Bc8 20. Ng3 a4 21. Rf2 Bd7 22. Kh1 Na5 23. c4 Nac6 24. gxf5 exf5 25. exf5 Nxf5 26. Ngxf5+ Bxf5 27. Nxf5+ Rxf5 28. Be4 Rf6 29. f5 Rbf8 30. Rg2 Ne7 31. fxg6 hxg6 32. Rcg1 Rf1 33. Qg5 R8f6 34. Rg4 Qd8 35. h4 Qh8 36. h5 Qh6 37. Qh4 Rxg1+ 38. Rxg1 Qf4 39. Qh3 Qh6 40. Qh2 Qf4 41. Qh3 Qh6 42. Qh4 1/2-1/2

[Event "RUS-ch U16 Girls"]
[Site "Dagomys"]
[Date "2009.04.15"]
[Round "1"]
[White "Belenkaya, Dina"]
[Black "Ovchinnikova, Alexandra"]
[Result "1-0"]
[WhiteElo "2024"]
[BlackElo "1850"]
[PlyCount "119"]
[EventDate "2009.04.15"]
[EventType "swiss"]
[EventRounds "9"]
[EventCountry "RUS"]
[SourceTitle "CBM 130 Extra"]
[Source "ChessBase"]
[SourceDate "2009.07.02"]
[SourceVersion "2"]
[SourceVersionDate "2009.07.15"]
[SourceQuality "1"]

1. e4 c5 2. Nf3 Nc6 3. d4 cxd4 4. Nxd4 g6 5. Nxc6 bxc6 6. c4 Bg7 7. Nc3 d6 8. Be2 Nf6 9. 0-0 0-0 10. Be3 a5 11. Qd2 Ng4 12. Bxg4 Bxg4 13. Bd4 Bxd4 14. Qxd4 Be6 15. Rad1 Qc7 16. Qd3 Rfb8 17. Qe2 a4 18. Rd2 Qa5 19. Rc1 Qa6 20. Nd1 Rb4 21. Ne3 Qb7 22. f4 Rb8 23. f5 Bd7 24. Rcc2 Qa7 25. Qf2 Qc5 26. Re2 Qd4 27. Rcd2 Qc5 28. Kf1 Be8 29. f6 exf6 30. Qxf6 Qe5 31. Ng4 Qxf6+ 32. Nxf6+ Kg7 33. Rxd6 Rxc4 34. e5 c5 35. Nxe8+ Rxe8 36. Rd7 Re6 37. g3 Rd4 38. Ra7 Rd5 39. Rxa4 Rdxe5 40. Rxe5 Rxe5 41. Rc4 Kf6 42. Rc2 h5 43. Kf2 g5 44. Kf3 Kf5 45. a4 g4+ 46. Kf2 Kg6 47. Rc4 Rd5 48. Ke3 Re5+ 49. Kd3 f5 50. a5 Kg5 51. a6 Re6 52. Ra4 Re8 53. b3 h4 54. a7 Ra8 55. Kc4 hxg3 56. hxg3 f4 57. gxf4+ Kxf4 58. Kxc5+ Kf3 59. Kb6 g3 60. Kb7 1-0

[Event "Kuzbass-ch"]
[Site "Kemerovo"]
[Date "2007.12.18"]
[Round "4"]
[White "Emeljashin, Yury"]
[Black "Ovchinnikova, Alexandra"]
[Result "1-0"]
[WhiteElo "2107"]
[BlackElo "1873"]
[PlyCount "71"]
[EventDate "2007.12.16"]
[EventType "swiss"]
[EventRounds "9"]
[EventCountry "RUS"]
[SourceTitle "CBM 122 Extra"]
[Source "ChessBase"]
[SourceDate "2008.03.04"]
[SourceVersion "1"]
[SourceVersionDate "2008.03.04"]
[SourceQuality "1"]

1. e4 c5 2. Nc3 Nc6 3. g3 g6 4. d3 Bg7 5. Be3 d6 6. Qd2 Bd7 7. Bg2 a6 8. Nge2 Nf6 9. h3 h5 10. d4 cxd4 11. Nxd4 Qc8 12. 0-0-0 b5 13. Nxc6 Bxc6 14. Nd5 Nxd5 15. exd5 Bd7 16. Bd4 0-0 17. Bxg7 Kxg7 18. g4 Rh8 19. Bf3 h4 20. Rde1 Re8 21. Qg5 f6 22. Qxh4 Qc4 23. Re4 Qxa2 24. Rhe1 e5 25. dxe6 Bxe6 26. g5 fxg5 27. Qxg5 Bf7 28. Re7 Rxe7 29. Rxe7 Rf8 30. Be4 Re8 31. Qxg6+ Kf8 32. Rxe8+ Kxe8 33. Qxd6 Bc4 34. Bg6+ Bf7 35. Qb8+ Ke7 36. Qc7+ 1-0

[Event "Kuzbass-ch"]
[Site "Kemerovo"]
[Date "2007.12.17"]
[Round "2"]
[White "Denisov, Nikolay"]
[Black "Ovchinnikova, Alexandra"]
[Result "1/2-1/2"]
[WhiteElo "2174"]
[BlackElo "1873"]
[PlyCount "98"]
[EventDate "2007.12.16"]
[EventType "swiss"]
[EventRounds "9"]
[EventCountry "RUS"]
[SourceTitle "CBM 122 Extra"]
[Source "ChessBase"]
[SourceDate "2008.03.04"]
[SourceVersion "1"]
[SourceVersionDate "2008.03.04"]
[SourceQuality "1"]

1. e4 c5 2. Nf3 Nc6 3. d4 cxd4 4. c3 Nf6 5. e5 Nd5 6. cxd4 d6 7. Bc4 Nb6 8. Bb5 dxe5 9. Nxe5 Bd7 10. Nxc6 Bxc6 11. Bxc6+ bxc6 12. 0-0 e6 13. Qg4 Be7 14. Qxg7 Bf6 15. Qg3 Qxd4 16. Nc3 Nd5 17. Bh6 Nxc3 18. bxc3 Qxc3 19. Qc7 Be5 20. Qb7 Rb8 21. Qxa7 Qd4 22. Qa6 Qh4 23. Qxc6+ Ke7 24. Qc5+ Kf6 25. f4 Qxh6 26. fxe5+ Kg7 27. Rf6 Qd2 28. Qa7 Rhf8 29. Raf1 Kh8 30. R6f2 Qd5 31. Re2 Rb7 32. Qe3 Rg8 33. Qf4 Rg6 34. h3 Qc5+ 35. Kh2 Kg8 36. a4 Qe7 37. Ra2 Rb4 38. Qe3 Qd7 39. a5 Qd5 40. Rfa1 Re4 41. Qc3 Rxe5 42. a6 Reg5 43. g4 Rxg4 44. hxg4 Rh6+ 45. Qh3 Rxh3+ 46. Kxh3 Qf3+ 47. Kh2 Qf4+ 48. Kg1 Qe3+ 49. Rf2 Qg3+ 1/2-1/2

[Event "Kuzbass-ch"]
[Site "Kemerovo"]
[Date "2007.12.17"]
[Round "3"]
[White "Ovchinnikova, Alexandra"]
[Black "Anisimov, V."]
[Result "0-1"]
[WhiteElo "1873"]
[BlackElo "2269"]
[PlyCount "48"]
[EventDate "2007.12.16"]
[EventType "swiss"]
[EventRounds "9"]
[EventCountry "RUS"]
[SourceTitle "CBM 122 Extra"]
[Source "ChessBase"]
[SourceDate "2008.03.04"]
[SourceVersion "1"]
[SourceVersionDate "2008.03.04"]
[SourceQuality "1"]

1. d4 Nf6 2. c4 e5 3. dxe5 Ng4 4. Nf3 Bc5 5. e3 Nc6 6. Bd3 0-0 7. 0-0 Re8 8. a3 a5 9. Qc2 h6 10. b3 Ngxe5 11. Nxe5 Nxe5 12. Bb2 Nxd3 13. Qxd3 Ra6 14. Nd2 Rg6 15. Ne4 Bf8 16. Ng3 b6 17. e4 Bb7 18. f4 Bc5+ 19. Bd4 Rd6 20. Ne2 Rxe4 21. Qg3 Rdxd4 22. Nxd4 Bxd4+ 23. Kh1 Bxa1 24. Rxa1 Re2 0-1

[Event "Kuzbass-ch"]
[Site "Kemerovo"]
[Date "2007.12.16"]
[Round "1"]
[White "Ovchinnikova, Alexandra"]
[Black "Zimin, Ivan"]
[Result "1/2-1/2"]
[WhiteElo "1873"]
[BlackElo "2221"]
[PlyCount "161"]
[EventDate "2007.12.16"]
[EventType "swiss"]
[EventRounds "9"]
[EventCountry "RUS"]
[SourceTitle "CBM 122 Extra"]
[Source "ChessBase"]
[SourceDate "2008.03.04"]
[SourceVersion "1"]
[SourceVersionDate "2008.03.04"]
[SourceQuality "1"]

1. d4 e6 2. c4 d5 3. Nf3 Nf6 4. Nc3 c6 5. e3 Be7 6. Bd3 Nbd7 7. 0-0 0-0 8. Qe2 Re8 9. e4 dxe4 10. Nxe4 Nxe4 11. Bxe4 Bf6 12. Rd1 Qc7 13. Bg5 Bxg5 14. Nxg5 Nf6 15. Bf3 Bd7 16. Bh5 Rf8 17. Rd3 Qf4 18. Nh3 Qd6 19. Rad1 Rad8 20. Bf3 h6 21. g3 Rfe8 22. Nf4 Bc8 23. Nh5 Nd7 24. Be4 Qe7 25. h4 Nf8 26. Nf4 Rd7 27. Ng2 Red8 28. g4 Qf6 29. d5 exd5 30. cxd5 c5 31. Rf3 Qd6 32. Qc2 Re7 33. g5 Bg4 34. gxh6 Bxf3 35. Bxf3 gxh6 36. h5 Qf6 37. Be4 b6 38. Rd3 Kh8 39. Rg3 Qe5 40. Bf3 Nh7 41. Nh4 Ng5 42. Bg2 Qf6 43. Nf5 Re5 44. Ne3 Rd6 45. Qc3 Ne4 46. Bxe4 Rxe4 47. Qc2 Qe5 48. Qb3 Qxh5 49. Qc3+ Qe5 50. Qc2 Rg6 51. Rxg6 fxg6 52. a3 h5 53. b4 cxb4 54. axb4 Kh7 55. b5 Rxe3 56. fxe3 Qxe3+ 57. Kg2 Qg5+ 58. Kf1 Qxd5 59. Qc7+ Kh6 60. Qf4+ Kg7 61. Qa4 Kf6 62. Qxa7 Qxb5+ 63. Kf2 h4 64. Qh7 Qf5+ 65. Kg1 h3 66. Qh8+ Kg5 67. Qd8+ Kh5 68. Qxb6 Qg4+ 69. Kf1 Qg2+ 70. Ke1 Qe4+ 71. Kf1 Qf5+ 72. Kg1 Qf3 73. Qc5+ g5 74. Qc2 Qg2+ 75. Qxg2 hxg2 76. Kxg2 Kg4 77. Kg1 Kg3 78. Kh1 Kf2 79. Kh2 g4 80. Kh1 Kf3 81. Kh2 1/2-1/2